| 000 | 00957nam a2200265 i 4500 | ||
|---|---|---|---|
| 001 | bg | ||
| 100 | 1 | _aKING, Alexander | |
| 245 | 1 | 0 |
_aPierwsza rewolucja globalna : _b[jak przetrwać?] : raport Rady Klubu Rzymskiego / _cAlexander King, Bertrand Schneider ; z ang. przeł. Wiesława i Stanisław Rączkowscy. |
| 246 |
_iTyt. oryg.: _aThe first global revolution |
||
| 260 |
_aWarszawa : _bPolskie Towarzystwo Współpracy z Klubem Rzymskim, _c1992. |
||
| 300 |
_a242, [1] s. : _b1 rys. ; _c21 cm. |
||
| 500 | _aOryg. : "The first global revolution" 1991. | ||
| 504 | _aBibliogr. s. 241-[242]. | ||
| 650 | 9 |
_aGospodarka _y20 w. |
|
| 650 | 9 |
_aSocjologia _xzagadnienia |
|
| 650 | 9 |
_aŚrodowisko człowieka _xzagadnienia |
|
| 700 | 1 | _aSCHNEIDER, Bertrand | |
| 020 | _a8390020645 | ||
| 040 | _cBPK | ||
| 041 | 1 |
_apl _henen |
|
| 080 | _a338.1:316:504](100)"19" | ||
| 920 | _a83-900206-4-5 | ||
| 942 | _cKS | ||
| 008 | s pl f |000 0 pol | ||
| 999 |
_c32361 _d32361 |
||
| 856 |
_uhttp://koha.tu.koszalin.pl/cgi-bin/koha/opac-detail.pl?biblionumber=32361 _yKatalog online BPK |
||